| 000 | 00665cam a22002293a 4500 | ||
|---|---|---|---|
| 001 | 15475 | ||
| 003 | PGUSA | ||
| 005 | 20140828083330.0 | ||
| 008 | 050326s2005||||xxu|||||s|||||000 | eng d | ||
| 040 |
_aPGUSA _beng |
||
| 042 | _adc | ||
| 050 | 4 | _aPK | |
| 245 | 1 | 4 |
_aThe Mahabharata of Krishna-Dwaipayana Vyasa, Volume 2 : _bBooks 4, 5, 6 and 7 _h[electronic resource] |
| 260 |
_bProject Gutenberg, _c2005 |
||
| 506 | _aPublic domain in the USA. | ||
| 516 | _aElectronic text | ||
| 653 | _aEpic literature, Sanskrit | ||
| 700 | 1 | _aGanguli, Kisari Mohan | |
| 830 | 0 |
_aProject Gutenberg _v15475 |
|
| 856 | 4 | 0 | _uhttp://www.gutenberg.org/ebooks/15475 |
| 942 | _cEB | ||
| 999 |
_c244730 _d244730 |
||